Public administration : (Record no. 186018)
[ view plain ]
| 000 -LEADER | |
|---|---|
| fixed length control field | 00764 a2200193 4500 |
| 003 - CONTROL NUMBER IDENTIFIER | |
| control field | Nust |
| 005 - DATE AND TIME OF LATEST TRANSACTION | |
| control field | 20230116101222.0 |
| 010 ## - LIBRARY OF CONGRESS CONTROL NUMBER | |
| LC control number | 79087607 |
| 020 ## - INTERNATIONAL STANDARD BOOK NUMBER | |
| International Standard Book Number | 0316942359 |
| 040 ## - CATALOGING SOURCE | |
| Transcribing agency | Nust |
| 082 00 - DEWEY DECIMAL CLASSIFICATION NUMBER | |
| Classification number | 658,WIL |
| 100 1# - MAIN ENTRY--PERSONAL NAME | |
| Personal name | Williams, J. D. |
| 9 (RLIN) | 79476 |
| 245 10 - TITLE STATEMENT | |
| Title | Public administration : |
| Remainder of title | the people's business / |
| Statement of responsibility, etc. | J. D. Williams ; [photos., Arthur Grace ... et al.]. |
| 260 ## - PUBLICATION, DISTRIBUTION, ETC. | |
| Place of publication, distribution, etc. | Boston : |
| Name of publisher, distributor, etc. | Little, Brown, |
| Date of publication, distribution, etc. | c1980. |
| 300 ## - PHYSICAL DESCRIPTION | |
| Extent | xx, 585 p. : |
| Other physical details | ill. ; |
| Dimensions | 24 cm. |
| 505 ## - FORMATTED CONTENTS NOTE | |
| Formatted contents note | Part I: People and Organization (Page-3), Part II: Tasks of Management (Page-135), Part III: Fiscal Aspects of Management (Page-319), Part IV: Personnel Administration (Page-395), Part V: Administrative Ethics (Page-499). |
| 650 #0 - SUBJECT ADDED ENTRY--TOPICAL TERM | |
| Topical term or geographic name entry element | Public administration. |
| 9 (RLIN) | 5690 |
| 942 ## - ADDED ENTRY ELEMENTS (KOHA) | |
| Source of classification or shelving scheme | |
| Koha item type | Book |
| Withdrawn status | Lost status | Source of classification or shelving scheme | Damaged status | Not for loan | Permanent Location | Current Location | Shelving location | Date acquired | Full call number | Barcode | Date last seen | Price effective from | Koha item type | Public note |
|---|---|---|---|---|---|---|---|---|---|---|---|---|---|---|
| Military College of Signals (MCS) | Military College of Signals (MCS) | General Stacks | 12/12/2016 | 658,WIL | MCS21595 | 12/08/2016 | 12/12/2016 | Book | Almirah No.42, Shelf No.5 |
